| 000 | 00862cab a2200253 4500 | ||
|---|---|---|---|
| 001 | X77168 | ||
| 008 | 090401t1997 xxu||||| |||| 00| 0 eng d | ||
| 035 | _a(Sirsi) u77168 | ||
| 041 | _aeng | ||
| 245 | _aOld town enjoys subtle art of conservation | ||
| 260 | _c1997 | ||
| 350 | _a0 | ||
| 490 |
_aPlanning (for the Natural and Built Environment) _v28 February 1997, 22-23(2) |
||
| 520 | _aExplains how a conservation-led urban regeneration scheme has turned Edinburgh`s historic Old Town into a sustainable economy. Outlines the main aims of the Edinburgh Old Town Renewal Trust. | ||
| 650 | _aEDINBURGH NEW TOWN | ||
| 650 | _aEDINBURGH OLD TOWN | ||
| 650 | _aHISTORIC BUILDINGS | ||
| 650 | _aHISTORIC SCOTLAND | ||
| 650 | _aURBAN REGENERATION | ||
| 650 | _aWORLD HERITAGE SITE | ||
| 690 | _aURBAN RENEWAL | ||
| 942 | _n0 | ||
| 948 | _c18/03/1997 | ||
| 999 |
_c48498 _d48498 |
||